000 00888nam a2200169 a 4500
008 100906s1982 ||||||||||||||||| || u
050 _aCOMM(02)
100 _aChan, Stephen
245 1 0 _aPlanning and implementation of policies and programmes for Youth: report of the short training course, held in conjuction with the Ministry of Youth and Sport, Zambia, at the Commonwealth Youth programme Africa centre, Lusaka, 7- 18 september 1981.
_cedited by Stephen Chan
260 _aLusaka:
_bCommonwealth Youth Programme Africa Centre Lusaka
_c1982
300 _a161p.: ill.
350 _a0.00
650 _aYOUTH
650 _aYOUTH--SERVICES FOR--ZAMBIA--CONGRESSES
710 _aCommonwealth Youth Programme Africa Centre Lusaka
995 _D0.00
_FCBU-MAIN LIBRARY (Kitwe)
_H1
_I0.00
_M1
_UAVAILABLE
_WSep 6, 2010
_ZZambiana Collection
999 _c53689
_d53689